Interpreting Abu Bakar, the ruler of Johor (1862-1895) : the reconstruction of selected issues /
Saved in:
| 主要作者: | |
|---|---|
| 格式: | Thesis |
| 語言: | English |
| 出版: |
London :
School of Oriental and African Studies, University of London,
2007
|
| 主題: | |
| 在線閱讀: | Click here to view 1st 24 pages of the thesis. Members can view fulltext at the specified PCs in the library. |
| 標簽: |
添加標簽
沒有標簽, 成為第一個標記此記錄!
|
| LEADER | 022590000a22004090004500 | ||
|---|---|---|---|
| 001 | 451539 | ||
| 005 | 20230429230312.0 | ||
| 008 | 090806t2007 enk g m 000 0 eng d | ||
| 035 | |a (Sirsi) 451539 | ||
| 040 | |a UIAM |b eng |e rda | ||
| 043 | |a a-my--- | ||
| 050 | 0 | |a DS598.J7 | |
| 100 | 3 | |a Tang, A. Rahman Abdullah, |e author |9 157911 | |
| 245 | 1 | 0 | |a Interpreting Abu Bakar, the ruler of Johor (1862-1895) : |b the reconstruction of selected issues / |c by A Rahman Tang Abdullah |
| 264 | 1 | |a London : |b School of Oriental and African Studies, University of London, |c 2007 | |
| 264 | 4 | |c 2007 | |
| 300 | |a vi, 265 leaves ; |c 30 cm. | ||
| 336 | |2 rdacontent |a text | ||
| 337 | |2 rdamedia |a unmediated | ||
| 338 | |2 rdacarrier |a volume | ||
| 500 | |a "Submitted for the degree of PhD in History of School of Oriental and African Studies University of London."--On title page. | ||
| 500 | |a Abstract in English. | ||
| 500 | |a Abstract in English, Arabic and Malay. | ||
| 502 | |a Thesis (Ph. D.)--University of London, 2007 | ||
| 504 | |a Includes bibliographical references (leaves 256-264). | ||
| 600 | 1 | 0 | |a Abu Bakar, |c Sultan of Johor, |d 1834-1873 |x Leadership |9 157912 |
| 651 | 0 | |a Johor (Malaysia) |x History |y 16th century |9 157913 | |
| 655 | 0 | 7 | |a Theses, IIUM foreign |
| 690 | 0 | |a Dissertations, Academic |x School of Oriental and African Studies |z University of London |9 115472 | |
| 710 | 2 | |a University of London. |b School of Oriental and African Studies |9 89983 | |
| 856 | 4 | |u https://lib.iium.edu.my/mom/services/mom/document/getFile/7hJGQpIQxxlIVXgzn5iOxbMQfJGiA1bC20091117103706265&ext=.pdf |z Click here to view 1st 24 pages of the thesis. Members can view fulltext at the specified PCs in the library. | |
| 900 | |a hj-a jt | ||
| 942 | |2 lcc |n 0 | ||
| 999 | |c 415792 |d 448419 | ||
| 952 | |0 0 |6 SMKH T DS 598 J7 A1356I 2007 |7 0 |8 SMKAMAL |9 658230 |a MKHL |b MKHL |c SMKAMAL |g 0.00 |o smkh t DS 598 J7 A1356I 2007 |p 00011092639 |r 1900-01-02 |t 1 |v 0.00 |y BOOKREF | ||
| 952 | |0 0 |6 TS CDF DS598J7A1356I 2007 |7 0 |8 THESES |9 835103 |a IIUM |b IIUM |c MULTIMEDIA |g 0.00 |o ts cdf DS598J7A1356I 2007 |p 11100325701 |r 2017-10-26 |t 1 |v 0.00 |y THESISDIG | ||
| 952 | |0 0 |6 T DS 000598 J7 A1356I 2007 |7 0 |8 THESES |9 835104 |a IIUM |b IIUM |c MULTIMEDIA |g 0.00 |o t DS 598 J7 A1356I 2007 |p 00011102739 |r 2017-10-19 |t 1 |v 0.00 |y THESIS | ||
